| 000 | 01162cab a2200265 4500 | ||
|---|---|---|---|
| 001 | X2184 | ||
| 008 | 090401t1995 xxu||||| |||| 00| 0 eng d | ||
| 035 | _a(Sirsi) u22391 | ||
| 041 | _aeng | ||
| 245 | _aWoodspring DC and Bryant Homes Central Ltd | ||
| 260 | _c1995 | ||
| 350 | _a0 | ||
| 490 |
_aPlanning Appeal Decisions _v(1995) 10 PAD 1-8(8) |
||
| 520 | _a20 July 1994. Residential - 23 dwellings and garages - structure and local plans - whether provisions of development plan should not prevail - housing land allocations in emerging local plan - site outside village fence - open countryside - whether proposal premature - impact on village services and infrastructure - eminently suitable site - badger run - conditions - costs - mutual applications - Council`s refusal unreasonable - costs awarded against Council. (Headnote from journal). | ||
| 650 | _aBADGER RUN | ||
| 650 | _aCOUNTRYSIDE | ||
| 650 | _aDEVELOPMENT PLAN | ||
| 650 |
_aInfrastructure _96246 |
||
| 650 | _aLAND ALLOCATION | ||
| 650 | _aLOCAL DEVELOPMENT PLANS | ||
| 650 | _aVILLAGES | ||
| 690 | _aPLANNING LAW AND PRACTICE-CASE LAW | ||
| 942 | _n0 | ||
| 948 | _c04/03/1997 | ||
| 999 |
_c15000 _d15000 |
||